The finances of the Mysore State (Record no. 77725)
[ view plain ]
| 000 -LEADER | |
|---|---|
| fixed length control field | 00674cam a22002411 4500 |
| 001 - CONTROL NUMBER | |
| control field | sa 68001128 |
| 003 - CONTROL NUMBER IDENTIFIER | |
| control field | DLC |
| 005 - DATE AND TIME OF LATEST TRANSACTION | |
| control field | 20260227112430.0 |
| 008 - FIXED-LENGTH DATA ELEMENTS--GENERAL INFORMATION | |
| fixed length control field | 710903s1967 ii b 00010 eng |
| 010 ## - LIBRARY OF CONGRESS CONTROL NUMBER | |
| LC control number | sa 68001128 //r93 |
| 025 ## - OVERSEAS ACQUISITION NUMBER | |
| Overseas acquisition number | PL480:I-E-9184 |
| 040 ## - CATALOGING SOURCE | |
| Original cataloging agency | DLC |
| Transcribing agency | DLC |
| Modifying agency | DLC |
| 043 ## - GEOGRAPHIC AREA CODE | |
| Geographic area code | a-ii--- |
| 050 00 - LIBRARY OF CONGRESS CALL NUMBER | |
| Classification number | HJ1320.M9 |
| Item number | K53 |
| 082 00 - DEWEY DECIMAL CLASSIFICATION NUMBER | |
| Classification number | 354.54/87/0072 |
| 100 10 - MAIN ENTRY--PERSONAL NAME | |
| Personal name | Kher, Sitaram Pandit, |
| Dates associated with a name | 1925- |
| 245 14 - TITLE STATEMENT | |
| Title | The finances of the Mysore State |
| Statement of responsibility, etc. | [by] S. P. Kher. |
| 260 0# - PUBLICATION, DISTRIBUTION, ETC. | |
| Place of publication, distribution, etc. | Bombay, |
| Name of publisher, distributor, etc. | Popular Prakashan |
| Date of publication, distribution, etc. | [1967] |
| 300 ## - PHYSICAL DESCRIPTION | |
| Extent | xiv, 265 p. |
| Dimensions | 23 cm. |
| 350 ## - PRICE (NR) (BK AM CF MU VM SE) [OBSOLETE] | |
| Price | Rs28 |
| 504 ## - BIBLIOGRAPHY, ETC. NOTE | |
| Bibliography, etc. note | Bibliography: p. [254]-258. |
| 650 #0 - SUBJECT ADDED ENTRY--TOPICAL TERM | |
| Topical term or geographic name entry element | Finance, Public |
| Geographic subdivision | India |
| -- | Karnataka. |
No items available.